DiCaprio movies - Sudden death - Statistics

General Stats
  • This quiz has been taken 1,599 times
  • The average score is 11 of 20
Answers on the Grid
Answers color-coded by a green-red scale on the quiz's grid according to % correct below.
Killers of the Flower Moon
The Revenant
The Great Gatsby
The Wolf of Wall Street
Catch Me If You Can
Romeo + Juliet
Ocean's Eleven
Once Upon a Time in Hollywood
Django Unchained
J.Edgar
Inception
Shutter Island
Alice in Wonderland
Body of Lies
Blood Diamond
The Departed
Fight Club
Gangs of New York
The Beach
Titanic
Interstellar
Good Will Hunting
The Basketball Diaries
Snatch
This Boy's Life
Poison Ivy
Once Upon a Time in America
The Godfather
American Psycho
The Shining
As Good as It Gets
Goodfellas
Oppenheimer
The Shawshank Redemption
Edward Scissorhands
 
Answer Stats
Answer % Correct
The Great Gatsby
73%
Titanic
73%
The Wolf of Wall Street
72%
Romeo + Juliet
69%
Catch Me If You Can
68%
Inception
67%
Shutter Island
66%
Django Unchained
64%
The Revenant
64%
Once Upon a Time in Hollywood
62%
The Departed
58%
Blood Diamond
54%
Gangs of New York
53%
Killers of the Flower Moon
52%
The Basketball Diaries
43%
The Beach
43%
J.Edgar
40%
This Boy's Life
29%
Body of Lies
25%
Poison Ivy
15%
No matching quizzes found
Score Distribution
Percent of People with Each Score
Percentile by Number Answered
Your Score History
You have not taken this quiz